[Event "GER M06-C email"]
[Site "GER email"]
[Date "2017.06.26"]
[Round "?"]
[White "Bolz, Barbara"]
[Black "Lux, Frank"]
[Result "1/2-1/2"]
[WhiteElo "2384"]
[BlackElo "2382"]
[PlyCount "89"]
[EventDate "2017.??.??"]
[EventType "tourn (corr)"]
[EventRounds "10"]
[EventCountry "GER"]
[SourceTitle "Corr 2020"]
[Source "ChessBase"]
[SourceDate "2019.09.30"]
[SourceVersion "1"]
[SourceVersionDate "2019.09.30"]
[SourceQuality "1"]

1. e4 c5 2. Nc3 Nc6 3. Nf3 e5 4. Bc4 Be7 5. d3 d6 6. 0-0 Nf6 7. Ng5 0-0 8. f4 Bg4 9. Qe1 exf4 10. Bxf4 Nd4 11. Qd2 Qd7 12. Be3 Be6 13. Nxe6 fxe6 14. Bxd4 cxd4 15. Ne2 Kh8 16. Nf4 d5 17. exd5 exd5 18. Bb3 a5 19. a4 Bd6 20. g3 Bb4 21. Qg2 Rad8 22. h3 Bd6 23. g4 Ne4 24. Bxd5 Nc5 25. Ne2 Nxa4 26. b3 Nc3 27. Nxc3 dxc3 28. Bxb7 Rde8 29. Be4 Qa7+ 30. Kh1 Qe3 31. Rfe1 Qg5 32. Rf1 g6 33. Qg1 Kg7 34. Qd4+ Be5 35. Qa7+ Kh6 36. Qg1 Bd6 37. Qd4 Bc5 38. Qxc3 Qe3 39. Bg2 Bd4 40. g5+ Kg7 41. Qc7+ Re7 42. Qxa5 Bxa1 43. Qxa1+ Re5 44. Rxf8 Kxf8 45. h4 1/2-1/2

[Event "GER M06-C email"]
[Site "GER email"]
[Date "2017.06.26"]
[Round "?"]
[White "Jimenez Molina, Gabriel"]
[Black "Lux, Frank"]
[Result "0-1"]
[WhiteElo "2395"]
[BlackElo "2382"]
[PlyCount "90"]
[EventDate "2017.??.??"]
[EventType "tourn (corr)"]
[EventRounds "10"]
[EventCountry "GER"]
[SourceTitle "Corr 2020"]
[Source "ChessBase"]
[SourceDate "2019.09.30"]
[SourceVersion "1"]
[SourceVersionDate "2019.09.30"]
[SourceQuality "1"]

1. d4 Nf6 2. c4 g6 3. Nc3 d5 4. cxd5 Nxd5 5. Bd2 Bg7 6. e4 Nb6 7. Be3 0-0 8. Be2 Nc6 9. Nf3 Bg4 10. 0-0 Bxf3 11. Bxf3 Nxd4 12. Rb1 Nc4 13. Bf4 Be5 14. Bxe5 Nxe5 15. Be2 c5 16. f4 Nxe2+ 17. Qxe2 Qd4+ 18. Kh1 Nd3 19. Nb5 Qd7 20. Nc3 c4 21. b3 Qd4 22. Nb5 Qc5 23. bxc4 Rfd8 24. Rf3 Qxc4 25. Na3 Qd4 26. Nb5 Qd7 27. Nc3 Rac8 28. Nd5 Nc5 29. f5 Nxe4 30. Qxe4 Qxd5 31. Qxe7 Re8 32. Qh4 Re2 33. Qg4 Rce8 34. Rbf1 b5 35. h3 Re1 36. fxg6 hxg6 37. a4 Qc4 38. Qxc4 bxc4 39. Kg1 f5 40. Rxe1 Rxe1+ 41. Kf2 Ra1 42. g4 fxg4 43. hxg4 Kg7 44. g5 Rxa4 45. Rc3 a6 0-1

[Event "GER M06-C email"]
[Site "GER email"]
[Date "2017.06.26"]
[Round "?"]
[White "Lux, Frank"]
[Black "Avotins, Maigonis"]
[Result "1/2-1/2"]
[WhiteElo "2382"]
[BlackElo "2414"]
[PlyCount "37"]
[EventDate "2017.??.??"]
[EventType "tourn (corr)"]
[EventRounds "10"]
[EventCountry "GER"]
[SourceTitle "Corr 2020"]
[Source "ChessBase"]
[SourceDate "2019.09.30"]
[SourceVersion "1"]
[SourceVersionDate "2019.09.30"]
[SourceQuality "1"]

1. d4 d5 2. c4 c6 3. Nf3 Nf6 4. Nc3 e6 5. e3 Nbd7 6. Qc2 Bd6 7. Bd3 0-0 8. 0-0 dxc4 9. Bxc4 b5 10. Be2 Bb7 11. Rd1 Qc7 12. Bd2 b4 13. Na4 c5 14. dxc5 a5 15. a3 Be4 16. Qc4 Nxc5 17. Nxc5 Qxc5 18. Qxc5 Bxc5 19. Rdc1 1/2-1/2

[Event "GER M06-C email"]
[Site "GER email"]
[Date "2017.06.26"]
[Round "?"]
[White "Lux, Frank"]
[Black "Dimov, Diyan"]
[Result "1/2-1/2"]
[WhiteElo "2382"]
[BlackElo "2432"]
[PlyCount "66"]
[EventDate "2017.??.??"]
[EventType "tourn (corr)"]
[EventRounds "10"]
[EventCountry "GER"]
[SourceTitle "Corr 2020"]
[Source "ChessBase"]
[SourceDate "2019.09.30"]
[SourceVersion "1"]
[SourceVersionDate "2019.09.30"]
[SourceQuality "1"]

1. d4 Nf6 2. c4 c5 3. d5 e6 4. Nc3 exd5 5. cxd5 d6 6. Nf3 g6 7. Bf4 Bg7 8. Qa4+ Bd7 9. Qb3 b5 10. Bxd6 Qb6 11. Be5 0-0 12. e3 c4 13. Qd1 b4 14. Nb1 Rc8 15. Be2 Bb5 16. 0-0 Nbd7 17. Bd4 Qa5 18. d6 Rab8 19. Nbd2 c3 20. Nb3 Qa6 21. Bxb5 Rxb5 22. Qc2 Qxd6 23. bxc3 bxc3 24. Rac1 Nd5 25. Qd3 Qb4 26. Rfd1 N5b6 27. Bxg7 Kxg7 28. a3 Qa4 29. Rxc3 Ne5 30. Nxe5 Rd5 31. Qxd5 Nxd5 32. Rxc8 Qxb3 33. Rcc1 Nc3 1/2-1/2

[Event "GER M06-C email"]
[Site "GER email"]
[Date "2017.06.26"]
[Round "?"]
[White "Lux, Frank"]
[Black "Savoca, Alfredo"]
[Result "1/2-1/2"]
[WhiteElo "2382"]
[BlackElo "2447"]
[PlyCount "65"]
[EventDate "2017.??.??"]
[EventType "tourn (corr)"]
[EventRounds "10"]
[EventCountry "GER"]
[SourceTitle "Corr 2020"]
[Source "ChessBase"]
[SourceDate "2019.09.30"]
[SourceVersion "1"]
[SourceVersionDate "2019.09.30"]
[SourceQuality "1"]

1. e4 c5 2. Nf3 d6 3. d4 cxd4 4. Nxd4 Nf6 5. Nc3 a6 6. Be3 e5 7. Nb3 Be6 8. f3 Be7 9. Qd2 0-0 10. 0-0-0 Nbd7 11. g4 b5 12. g5 Nh5 13. Nd5 Bxd5 14. exd5 f6 15. h4 Ng3 16. Rg1 Nxf1 17. Rdxf1 a5 18. Qd3 b4 19. g6 f5 20. gxh7+ Kh8 21. h5 a4 22. Nd2 Qe8 23. Rg2 Qxh5 24. Rfg1 Rf7 25. Kb1 a3 26. Nc4 Qxf3 27. Bh6 Qxd3 28. cxd3 Bf8 29. Nxd6 Bxd6 30. Bxg7+ Rxg7 31. Rxg7 Nf6 32. Rf7 Rf8 33. Rxf8+ 1/2-1/2

[Event "GER M06-C email"]
[Site "GER email"]
[Date "2017.06.26"]
[Round "?"]
[White "Scheiba, Manfred"]
[Black "Lux, Frank"]
[Result "1/2-1/2"]
[WhiteElo "2389"]
[BlackElo "2382"]
[PlyCount "80"]
[EventDate "2017.??.??"]
[EventType "tourn (corr)"]
[EventRounds "10"]
[EventCountry "GER"]
[SourceTitle "Corr 2020"]
[Source "ChessBase"]
[SourceDate "2019.09.30"]
[SourceVersion "1"]
[SourceVersionDate "2019.09.30"]
[SourceQuality "1"]

1. e4 e5 2. Nf3 Nc6 3. Bb5 a6 4. Ba4 Nf6 5. 0-0 Be7 6. Re1 b5 7. Bb3 d6 8. c3 0-0 9. h3 Nb8 10. d4 Nbd7 11. Nbd2 Bb7 12. Bc2 Re8 13. Nf1 Bf8 14. Ng3 g6 15. Bg5 h6 16. Bd2 Bg7 17. a4 c5 18. d5 c4 19. b4 cxb3 20. Bxb3 Nc5 21. Bc2 Qc7 22. Qc1 Kh7 23. Qa3 Reb8 24. Be3 Nxa4 25. Bxa4 bxa4 26. Qxa4 Bc8 27. Nd2 a5 28. Qc2 h5 29. Ra3 Nd7 30. Rea1 Bh6 31. Bxh6 Kxh6 32. c4 Nc5 33. Qc3 h4 34. Ne2 Kg7 35. f4 a4 36. fxe5 dxe5 37. Nc1 Bd7 38. Nd3 f6 39. Kf2 Kf7 40. Nxc5 Qxc5+ 1/2-1/2

[Event "GER M06-C email"]
[Site "GER email"]
[Date "2017.06.26"]
[Round "?"]
[White "Tiemann, Christoph"]
[Black "Lux, Frank"]
[Result "1/2-1/2"]
[WhiteElo "2403"]
[BlackElo "2382"]
[PlyCount "57"]
[EventDate "2017.??.??"]
[EventType "tourn (corr)"]
[EventRounds "10"]
[EventCountry "GER"]
[SourceTitle "Corr 2020"]
[Source "ChessBase"]
[SourceDate "2019.09.30"]
[SourceVersion "1"]
[SourceVersionDate "2019.09.30"]
[SourceQuality "1"]

1. e4 e5 2. Nf3 Nc6 3. Bb5 a6 4. Ba4 Nf6 5. 0-0 Be7 6. Re1 b5 7. Bb3 d6 8. c3 0-0 9. h3 Nb8 10. d4 Nbd7 11. Nbd2 Bb7 12. Bc2 Re8 13. Nf1 Bf8 14. Ng3 g6 15. Bg5 h6 16. Bd2 Bg7 17. a4 c5 18. d5 c4 19. b4 cxb3 20. Bxb3 Nc5 21. c4 Qd7 22. Ba5 Reb8 23. Bc2 Bc8 24. Bb4 Ne8 25. axb5 axb5 26. Bxc5 dxc5 27. cxb5 Nd6 28. Ba4 Ra5 29. Nd2 1/2-1/2

[Event "GER M06-C email"]
[Site "GER email"]
[Date "2017.06.26"]
[Round "?"]
[White "Wapniewski, Kay Edgar"]
[Black "Lux, Frank"]
[Result "1/2-1/2"]
[WhiteElo "2383"]
[BlackElo "2382"]
[PlyCount "97"]
[EventDate "2017.??.??"]
[EventType "tourn (corr)"]
[EventRounds "10"]
[EventCountry "GER"]
[SourceTitle "Corr 2020"]
[Source "ChessBase"]
[SourceDate "2019.09.30"]
[SourceVersion "1"]
[SourceVersionDate "2019.09.30"]
[SourceQuality "1"]

1. d4 Nf6 2. c4 g6 3. Nc3 Bg7 4. e4 d6 5. Nf3 0-0 6. Be2 e5 7. 0-0 Nc6 8. d5 Ne7 9. Ne1 Nd7 10. f3 f5 11. Be3 f4 12. Bf2 g5 13. Rc1 Ng6 14. c5 Nxc5 15. b4 Na6 16. Nd3 h5 17. Nb5 b6 18. Be1 Rf7 19. Nf2 Nf8 20. Bd2 Nh7 21. Qa4 Bh6 22. Nxd6 cxd6 23. Bxa6 Bd7 24. Bb5 Bxb5 25. Qxb5 g4 26. Qe2 Kh8 27. Rc6 Ng5 28. Kh1 gxf3 29. gxf3 Qd7 30. Bc3 Kh7 31. Nd3 Re7 32. b5 Rg8 33. Bb4 Rg6 34. Rg1 Reg7 35. Qf1 Rg8 36. a4 Qh3 37. Qxh3 Nxh3 38. Rc7+ Kh8 39. Rxg6 Rxg6 40. Rc1 Bf8 41. Rf1 Kg8 42. Be1 Be7 43. Nb4 Rg7 44. Nc6 Bf6 45. Bf2 Kf8 46. a5 bxa5 47. Nxa5 Nxf2+ 48. Rxf2 h4 49. Rc2 1/2-1/2

[Event "GER M05-B email"]
[Site "GER email"]
[Date "2016.06.26"]
[Round "?"]
[White "Bars, Joachim"]
[Black "Lux, Frank"]
[Result "1/2-1/2"]
[WhiteElo "2367"]
[BlackElo "2369"]
[PlyCount "100"]
[EventDate "2016.??.??"]
[EventType "tourn (corr)"]
[EventRounds "15"]
[EventCountry "GER"]
[SourceTitle "Corr 2017"]
[Source "ChessBase"]
[SourceDate "2017.09.19"]
[SourceVersion "1"]
[SourceVersionDate "2017.09.19"]
[SourceQuality "1"]

1. d4 Nf6 2. c4 g6 3. Nc3 d5 4. Nf3 Bg7 5. Qb3 dxc4 6. Qxc4 0-0 7. e4 Na6 8. Be2 c5 9. d5 e6 10. 0-0 exd5 11. exd5 Bf5 12. Be3 Qb6 13. b3 Rfe8 14. Rad1 Rad8 15. h3 Qa5 16. d6 Be6 17. Qd3 Nb4 18. Qd2 Nc6 19. Qc1 Nb4 20. Rfe1 a6 21. Bc4 Bxc4 22. bxc4 Nxa2 23. Nxa2 Qxa2 24. Bxc5 Rxe1+ 25. Rxe1 h6 26. Ne5 Qa5 27. Ba3 Ne8 28. Nxf7 Kxf7 29. Re7+ Kg8 30. c5 Qc3 31. Qxc3 Bxc3 32. Rxb7 Be5 33. d7 Nf6 34. c6 Nxd7 35. cxd7 Kf7 36. Kf1 Ke6 37. Ra7 Rxd7 38. Rxa6+ Kf7 39. Ke2 Rc7 40. Kd3 h5 41. Bb4 Bf6 42. Bd2 Rd7+ 43. Ke2 Bd4 44. Ra4 Ke6 45. Bf4 Rd5 46. Ra6+ Kf7 47. h4 Rb5 48. Be3 Bxe3 49. Kxe3 Rb3+ 50. Kf4 Rb4+ 1/2-1/2

[Event "GER M05-B email"]
[Site "GER email"]
[Date "2016.06.26"]
[Round "?"]
[White "Lakatos, Stefan"]
[Black "Lux, Frank"]
[Result "1/2-1/2"]
[WhiteElo "2399"]
[BlackElo "2369"]
[PlyCount "50"]
[EventDate "2016.??.??"]
[EventType "tourn (corr)"]
[EventRounds "15"]
[EventCountry "GER"]
[SourceTitle "Corr 2017"]
[Source "ChessBase"]
[SourceDate "2017.09.19"]
[SourceVersion "1"]
[SourceVersionDate "2017.09.19"]
[SourceQuality "1"]

1. e4 c5 2. c3 Nf6 3. e5 Nd5 4. d4 cxd4 5. Nf3 Nc6 6. cxd4 d6 7. Bc4 Nb6 8. Bb5 dxe5 9. Nxe5 Bd7 10. Nxd7 Qxd7 11. Nc3 e6 12. 0-0 Rd8 13. Be3 Be7 14. Qg4 0-0 15. Rad1 g6 16. d5 Nxd5 17. Bxa7 h5 18. Qg3 h4 19. Qg4 Qc7 20. Nxd5 Rxd5 21. Rxd5 exd5 22. Be3 Qe5 23. Ba4 Ra8 24. Bb3 Na5 25. Bd4 Qe6 1/2-1/2

[Event "GER M05-B email"]
[Site "GER email"]
[Date "2016.06.26"]
[Round "?"]
[White "Lux, Frank"]
[Black "Broniek, Mariusz Maciej"]
[Result "1/2-1/2"]
[WhiteElo "2369"]
[BlackElo "2409"]
[PlyCount "106"]
[EventDate "2016.??.??"]
[EventType "tourn (corr)"]
[EventRounds "15"]
[EventCountry "GER"]
[SourceTitle "Corr 2020"]
[Source "ChessBase"]
[SourceDate "2019.09.30"]
[SourceVersion "1"]
[SourceVersionDate "2019.09.30"]
[SourceQuality "1"]

1. e4 c5 2. Nf3 d6 3. d4 cxd4 4. Nxd4 Nf6 5. Nc3 a6 6. Be3 e5 7. Nb3 Be6 8. Qd2 Nbd7 9. f3 h5 10. Nd5 Bxd5 11. exd5 g6 12. Be2 Bg7 13. 0-0 b6 14. c4 0-0 15. Rad1 Qc7 16. g4 Nc5 17. Nxc5 bxc5 18. g5 Nd7 19. b3 a5 20. a4 e4 21. f4 Qb6 22. Rb1 Bd4 23. f5 Qb4 24. Kg2 Qxd2 25. Bxd2 f6 26. fxg6 e3 27. Be1 f5 28. Bxh5 f4 29. Bf3 Ne5 30. h4 Nxg6 31. h5 Rf5 32. hxg6 Rxg5+ 33. Kh3 Kg7 34. Bh4 Rh8 35. Rg1 Rxg1 36. Rxg1 e2 37. Re1 Bf6 38. Kg4 Rxh4+ 39. Kf5 Rh3 40. Kxf4 Kxg6 41. Rxe2 Rh4+ 42. Bg4 Be5+ 43. Kf3 Rh1 44. Ke4 Rb1 45. Re3 Bd4 46. Bf5+ Kf6 47. Rf3 Rb2 48. Bd7+ Kg5 49. Rg3+ Kf6 50. Rf3+ Kg6 51. Rg3+ Kf6 52. Rf3+ Kg6 53. Rg3+ Kf6 1/2-1/2

[Event "GER M05-B email"]
[Site "GER email"]
[Date "2016.06.26"]
[Round "?"]
[White "Lux, Frank"]
[Black "Heinke, Richard"]
[Result "1/2-1/2"]
[WhiteElo "2369"]
[BlackElo "2357"]
[PlyCount "92"]
[EventDate "2016.??.??"]
[EventType "tourn (corr)"]
[EventRounds "15"]
[EventCountry "GER"]
[SourceTitle "Corr 2020"]
[Source "ChessBase"]
[SourceDate "2019.09.30"]
[SourceVersion "1"]
[SourceVersionDate "2019.09.30"]
[SourceQuality "1"]

1. e4 c5 2. Nf3 Nc6 3. d4 cxd4 4. Nxd4 Nf6 5. Nc3 e5 6. Ndb5 d6 7. Bg5 a6 8. Na3 b5 9. Nd5 Be7 10. Bxf6 Bxf6 11. c3 0-0 12. Nc2 Rb8 13. h4 Be7 14. Nce3 Be6 15. a4 Qd7 16. axb5 axb5 17. Be2 Bd8 18. h5 Bg5 19. 0-0 h6 20. Ra6 Qc8 21. Qa1 Kh8 22. Qa3 Bxe3 23. Nxe3 Rd8 24. Rd1 Kg8 25. Nd5 Rb7 26. Nb4 Nxb4 27. Qxb4 Bc4 28. Bf3 Rbd7 29. Raxd6 Rxd6 30. Rxd6 Qc7 31. Rd1 Ra8 32. Bg4 Ra4 33. Qd6 Qxd6 34. Rxd6 Kf8 35. Rb6 Ra7 36. b3 Bd3 37. f3 Rc7 38. Rb8+ Ke7 39. Rc8 Rxc8 40. Bxc8 b4 41. cxb4 Bc2 42. g3 Bxb3 43. Kf2 Bc4 44. Ke3 f6 45. Bg4 Bb5 46. f4 Kd6 1/2-1/2

[Event "GER M05-B email"]
[Site "GER email"]
[Date "2016.06.26"]
[Round "?"]
[White "Lux, Frank"]
[Black "Kurgansky, Vitaly Ivanovich"]
[Result "1/2-1/2"]
[WhiteElo "2369"]
[BlackElo "2374"]
[PlyCount "41"]
[EventDate "2016.??.??"]
[EventType "tourn (corr)"]
[EventRounds "15"]
[EventCountry "GER"]
[SourceTitle "Corr 2017"]
[Source "ChessBase"]
[SourceDate "2017.09.19"]
[SourceVersion "1"]
[SourceVersionDate "2017.09.19"]
[SourceQuality "1"]

1. Nf3 d5 2. d4 Nf6 3. c4 c6 4. Nc3 e6 5. Bg5 h6 6. Bh4 dxc4 7. e4 g5 8. Bg3 b5 9. Be2 Bb7 10. 0-0 Nbd7 11. Ne5 Bg7 12. Nxd7 Nxd7 13. Bd6 a6 14. a4 b4 15. Bxb4 Qb6 16. Ba3 Qxd4 17. Qc2 c5 18. Rad1 Qe5 19. Bxc4 Qc7 20. Ne2 Be5 21. h3 1/2-1/2

[Event "GER-chT11-B1 email"]
[Site "GER email"]
[Date "2015.10.15"]
[Round "?.2"]
[White "Laube, Bernd"]
[Black "Lux, Frank"]
[Result "1/2-1/2"]
[WhiteElo "2347"]
[BlackElo "2367"]
[PlyCount "112"]
[EventDate "2015.??.??"]
[EventType "tourn (corr)"]
[EventRounds "8"]
[EventCountry "GER"]
[SourceTitle "Corr 2017"]
[Source "ChessBase"]
[SourceDate "2017.09.19"]
[SourceVersion "1"]
[SourceVersionDate "2017.09.19"]
[SourceQuality "1"]
[WhiteTeam "SV Berolina Mitte"]
[BlackTeam "RSK Moers"]

1. d4 Nf6 2. Nf3 g6 3. c4 Bg7 4. Nc3 d5 5. Qb3 dxc4 6. Qxc4 0-0 7. e4 a6 8. Qb3 b5 9. Be2 c5 10. dxc5 Be6 11. Qc2 Nbd7 12. Be3 Rc8 13. Rd1 b4 14. Nd5 Bxd5 15. exd5 Nxc5 16. 0-0 a5 17. Rfe1 Ncd7 18. Qb1 Qc7 19. g3 Qb7 20. Qd3 Rfd8 21. Qa6 Qxa6 22. Bxa6 Rc2 23. Re2 Rxe2 24. Bxe2 Ne4 25. Nd4 Bxd4 26. Bxd4 Ndf6 27. f3 Nd6 28. Bxf6 exf6 29. Rc1 Rc8 30. Rxc8+ Nxc8 31. Ba6 Nd6 32. Kf2 Kf8 33. Ke2 Ke7 34. Kd3 Nf5 35. Bc8 Nd6 36. Bh3 Ne8 37. Bg2 Nd6 38. f4 Nf5 39. g4 Nh4 40. Bh1 h6 41. Kc4 f5 42. Kb5 fxg4 43. Kxa5 g5 44. fxg5 hxg5 45. Kxb4 f5 46. a4 f4 47. Be4 g3 48. hxg3 fxg3 49. a5 g4 50. a6 Nf3 51. Bxf3 gxf3 52. a7 f2 53. a8Q f1Q 54. Qa7+ Kd6 55. Qc5+ Ke5 56. d6+ Ke6 1/2-1/2

[Event "GER-chT11-B1 email"]
[Site "GER email"]
[Date "2015.10.15"]
[Round "?.2"]
[White "Lux, Frank"]
[Black "Hofstetter, Hans Joachim"]
[Result "1/2-1/2"]
[WhiteElo "2367"]
[BlackElo "2388"]
[PlyCount "66"]
[EventDate "2015.??.??"]
[EventType "tourn (corr)"]
[EventRounds "8"]
[EventCountry "GER"]
[SourceTitle "Corr 2017"]
[Source "ChessBase"]
[SourceDate "2017.09.19"]
[SourceVersion "1"]
[SourceVersionDate "2017.09.19"]
[SourceQuality "1"]
[WhiteTeam "RSK Moers"]
[BlackTeam "ChessBaseUserClub"]

1. d4 Nf6 2. Nf3 g6 3. c4 Bg7 4. Nc3 d5 5. Qb3 dxc4 6. Qxc4 0-0 7. e4 a6 8. Be2 b5 9. Qb3 c5 10. dxc5 Be6 11. Qc2 Nbd7 12. Be3 Rc8 13. Rd1 b4 14. Nd5 Bxd5 15. exd5 Nxc5 16. 0-0 a5 17. Bc4 Nce4 18. Qe2 Qc7 19. Bb3 Rfd8 20. Bd4 Nc5 21. Bc4 Nb7 22. b3 Nd6 23. Ba6 Ra8 24. Rc1 Qb8 25. Rfd1 Nfe4 26. Ne5 Bxe5 27. Bxe5 Nxf2 28. Kxf2 Qb6+ 29. Bd4 Qxa6 30. Qe5 f6 31. Qe6+ Kf8 32. Be3 Nf5 33. Rc6 Nxe3 1/2-1/2

[Event "GER-chT11-B1 email"]
[Site "GER email"]
[Date "2015.10.15"]
[Round "?.2"]
[White "Lux, Frank"]
[Black "Solf, Frank"]
[Result "1/2-1/2"]
[WhiteElo "2367"]
[BlackElo "2318"]
[PlyCount "53"]
[EventDate "2015.??.??"]
[EventType "tourn (corr)"]
[EventRounds "8"]
[EventCountry "GER"]
[SourceTitle "Corr 2017"]
[Source "ChessBase"]
[SourceDate "2017.09.19"]
[SourceVersion "1"]
[SourceVersionDate "2017.09.19"]
[SourceQuality "1"]
[WhiteTeam "RSK Moers"]
[BlackTeam "SF Kelkheim"]

1. Nf3 Nf6 2. c4 e6 3. g3 d5 4. Bg2 Be7 5. d4 0-0 6. 0-0 dxc4 7. Qc2 a6 8. a4 Bd7 9. Qxc4 Bc6 10. Bg5 Bd5 11. Qc2 Be4 12. Qc1 h6 13. Bxf6 Bxf6 14. Rd1 a5 15. Nbd2 Bxf3 16. Bxf3 c6 17. e3 Na6 18. Nc4 Nb4 19. Qd2 Qc7 20. Qe2 Rfd8 21. Rac1 g6 22. Bg2 Kh7 23. h4 h5 24. b3 Qe7 25. Qf3 Kg7 26. Rd2 Kh7 27. Rdd1 1/2-1/2

[Event "GER MS-216 email"]
[Site "GER email"]
[Date "2015.04.05"]
[Round "?"]
[White "Langer, Raimund"]
[Black "Lux, Frank"]
[Result "1/2-1/2"]
[WhiteElo "2131"]
[BlackElo "2193"]
[PlyCount "51"]
[EventDate "2015.04.15"]
[EventType "tourn (corr)"]
[EventRounds "6"]
[EventCountry "GER"]
[SourceTitle "Corr 2020"]
[Source "ChessBase"]
[SourceDate "2019.09.30"]
[SourceVersion "1"]
[SourceVersionDate "2019.09.30"]
[SourceQuality "1"]

1. d4 Nf6 2. c4 g6 3. Nc3 d5 4. cxd5 Nxd5 5. e4 Nxc3 6. bxc3 Bg7 7. Bc4 c5 8. Ne2 Nc6 9. Be3 0-0 10. 0-0 Bg4 11. f3 Bd7 12. Rb1 Qc7 13. Qc1 a6 14. dxc5 Na5 15. Bb3 Rfd8 16. Rd1 Bb5 17. Rxd8+ Rxd8 18. Nf4 Bc6 19. Rb2 e5 20. Nh3 Bf8 21. Nf2 Bb5 22. c4 Be8 23. Ng4 Bxc5 24. Nf6+ Kg7 25. Nd5 Qd6 26. h4 1/2-1/2

[Event "GER MS-216 email"]
[Site "GER email"]
[Date "2015.04.05"]
[Round "?"]
[White "Lux, Frank"]
[Black "Gronemann, Joern"]
[Result "1-0"]
[WhiteElo "2193"]
[BlackElo "1953"]
[PlyCount "83"]
[EventDate "2015.04.15"]
[EventType "tourn (corr)"]
[EventRounds "6"]
[EventCountry "GER"]
[SourceTitle "Corr 2020"]
[Source "ChessBase"]
[SourceDate "2019.09.30"]
[SourceVersion "1"]
[SourceVersionDate "2019.09.30"]
[SourceQuality "1"]

1. d4 Nf6 2. c4 g6 3. Nc3 Bg7 4. e4 d6 5. Nf3 0-0 6. Be2 e5 7. 0-0 Nc6 8. d5 Ne7 9. Ne1 Nd7 10. Be3 f5 11. f3 f4 12. Bf2 g5 13. Rc1 Rf6 14. Nd3 b6 15. b4 Rh6 16. c5 a6 17. Re1 Nf6 18. h3 bxc5 19. bxc5 Qe8 20. Bf1 Bd7 21. c6 Bc8 22. Rb1 Qg6 23. Nxe5 dxe5 24. d6 Nxc6 25. dxc7 Ne8 26. Nd5 Bf8 27. Qa4 Qd6 28. Bc4 Kh8 29. Red1 Nxc7 30. Nb6 Qa3 31. Qxa3 Bxa3 32. Nxa8 Nxa8 33. Bd5 Kg7 34. Rd3 Be7 35. Rc3 Bd7 36. Rb7 Bc8 37. Bxc6 Bxb7 38. Bxb7 Nb6 39. Rc7 Kf8 40. Bxa6 Nd5 41. exd5 Rxa6 42. Ra7 1-0

[Event "GER MS-216 email"]
[Site "GER email"]
[Date "2015.04.05"]
[Round "?"]
[White "Lux, Frank"]
[Black "Milde, Lars"]
[Result "1-0"]
[WhiteElo "2193"]
[BlackElo "2050"]
[PlyCount "83"]
[EventDate "2015.04.15"]
[EventType "tourn (corr)"]
[EventRounds "6"]
[EventCountry "GER"]
[SourceTitle "Corr 2020"]
[Source "ChessBase"]
[SourceDate "2019.09.30"]
[SourceVersion "1"]
[SourceVersionDate "2019.09.30"]
[SourceQuality "1"]

1. d4 Nf6 2. c4 g6 3. Nc3 Bg7 4. e4 d6 5. Nf3 0-0 6. Be2 e5 7. 0-0 Nc6 8. d5 Ne7 9. b4 Nh5 10. Re1 h6 11. Nd2 Nf4 12. Bf1 f5 13. c5 fxe4 14. Ndxe4 Nf5 15. g3 Nh5 16. Bg2 Nd4 17. Be3 Nf5 18. Bd2 Nf6 19. Rc1 Ne8 20. a4 b6 21. a5 Rb8 22. Nb5 Ra8 23. Qa4 Ba6 24. cxd6 cxd6 25. Rc6 Kh7 26. Rec1 Bxb5 27. Qxb5 Nd4 28. Qa6 Nxc6 29. Rxc6 Rf7 30. h4 Rc7 31. Nc3 bxa5 32. bxa5 Bf8 33. Qd3 Qf6 34. Be4 Rf7 35. Be3 h5 36. Qe2 Kh8 37. Bg5 Qg7 38. Qc2 Kh7 39. Bd3 Nf6 40. Bxf6 Rxf6 41. Ne4 Re8 42. a6 1-0

[Event "GER MS-197 email"]
[Site "GER email"]
[Date "2014.05.08"]
[Round "?"]
[White "Lux, Frank"]
[Black "Ries, Berthold"]
[Result "1/2-1/2"]
[WhiteElo "2214"]
[BlackElo "2036"]
[PlyCount "101"]
[EventDate "2014.05.19"]
[EventType "tourn (corr)"]
[EventRounds "6"]
[EventCountry "GER"]
[SourceTitle "Corr 2020"]
[Source "ChessBase"]
[SourceDate "2019.09.30"]
[SourceVersion "1"]
[SourceVersionDate "2019.09.30"]
[SourceQuality "1"]

1. e4 c5 2. Nf3 d6 3. d4 cxd4 4. Nxd4 Nf6 5. Nc3 a6 6. h3 e5 7. Nde2 h5 8. Bg5 Be6 9. g3 Nbd7 10. Bg2 Be7 11. a4 Rc8 12. 0-0 Nh7 13. Be3 h4 14. g4 0-0 15. Qd2 Rc6 16. f4 Bf6 17. f5 Bc4 18. Rf2 Bg5 19. Nd1 f6 20. b3 Bf7 21. Nec3 Kh8 22. Nd5 Bxd5 23. exd5 Bxe3 24. Nxe3 Rc5 25. Qe1 Ng5 26. Re2 e4 27. Qxh4+ Kg8 28. Qg3 Ne5 29. Kh1 Qa5 30. Nd1 Kf7 31. Rb1 Rcc8 32. c4 b5 33. axb5 axb5 34. Qc3 Qa7 35. Qe3 Qxe3 36. Nxe3 Rb8 37. cxb5 Rxb5 38. b4 Rfb8 39. Reb2 Nd3 40. Rb3 Nc5 41. Nc4 Nxb3 42. Nxd6+ Ke7 43. Nxb5 Nd2 44. d6+ Kd8 45. Nd4 Nxb1 46. Nc6+ Kd7 47. Nxb8+ Kxd6 48. Kg1 Nc3 49. Na6 Ke5 50. Nc7 e3 51. Kf1 1/2-1/2

[Event "GER MS-197 email"]
[Site "GER email"]
[Date "2014.05.08"]
[Round "?"]
[White "Lux, Frank"]
[Black "Rimpau, Thomas"]
[Result "1/2-1/2"]
[WhiteElo "2214"]
[BlackElo "2005"]
[PlyCount "47"]
[EventDate "2014.05.19"]
[EventType "tourn (corr)"]
[EventRounds "6"]
[EventCountry "GER"]
[SourceTitle "Corr 2020"]
[Source "ChessBase"]
[SourceDate "2019.09.30"]
[SourceVersion "1"]
[SourceVersionDate "2019.09.30"]
[SourceQuality "1"]

1. e4 e5 2. Nf3 Nc6 3. d4 exd4 4. Nxd4 Bc5 5. Be3 Qf6 6. c3 Nge7 7. Bc4 Ne5 8. Be2 Qg6 9. 0-0 d6 10. f3 0-0 11. Nd2 d5 12. Kh1 dxe4 13. fxe4 Bg4 14. Bf4 Bxe2 15. Qxe2 Bd6 16. Rad1 a6 17. Bxe5 Bxe5 18. N2f3 Qf6 19. a4 Rad8 20. Qc4 Ng6 21. Qb3 c5 22. Nf5 b6 23. Qc4 a5 24. g3 1/2-1/2